LEADER 01385nam a2200325 u 4500 001 000000044808 003 CaOOAMICUS 005 20070226114606.0 008 990510s1998 enk u000 u eng u 020 $a0521431956 020 $a0521437695 035 $a10822657 040 $aPUL$bita 245 04$aThe Cambridge companion to Aquinas /$cedited by Normann Kretzmann and Eleonore Stump. 260 $aCambridge :$bUniversity Press,$c1998 printing. 300 $aviii, 302 p. ;$c23 cm 490 1 $aThe Cambridge companion 504 $aBibliografia: p. [269]-280. 600 04$aThomas Aquinas,$cs.,$dc. 1225-1274$xCritica e interpretazione.$0(OLS)http://pul/subject/435 700 1 $aStump, Eleonore,$d1947-$0(OLS)http://pul/name/32666 700 1 $aKretzmann, Norman.$0(OLS)http://pul/name/32665 830 4$aThe Cambridge companion.$0(OLS)http://pul/title/60427 850 $aPUL 852 $aPUL$W1$xSL Filosofia 2$y80$mPhil A8 1$j60266$nBK-PRI$b $qStampati altre collocazioni$B60266$CPULBib$Z2$F60266 $H $81 941 1 $a10 961 $aINV: 79705 996 $6020$a0521431956$9(OLS)http://pul/number/55877 996 $6020$a0521437695$9(OLS)http://pul/number/55878 996 $6245$aThe Cambridge companion to Aquinas$9(OLS)http://pul/title/60429 996 $6260$aCambridge :$bUniversity Press$9(OLS)http://pul/publisher/49564 LEADER 01065nam a2200277 u 4500 001 000000054640 003 CaOOAMICUS 005 20070226115709.0 008 001219s1973 it u000 u ita u 035 $a10864143 040 $aPUL(R)$bita 100 1 $aVecchiotti, Icilio.$0(OLS)http://pul/name/20503 245 10$aIntroduzione a Schopenhauer /$cdi Icilio Vecchiotti. 250 $a2. ed. 260 $aBari :$bLaterza,$c1973. 300 $a195 p. ;$c18 cm 490 1 $aI filosofi ;$v2 500 $aBibliografia p. 151-[196]. 600 14$aSchopenhauer, Arthur,$d1788-1860$xCritica e interpretazione.$0(OLS)http://pul/subject/22334 830 2$aI filosofi (Laterza) ;$v2.$0(OLS)http://pul/title/7858 850 $aPUL 852 $aPUL$W1$xDP1 Fondo Giannini$y60$m1561 D 22$j71947$nBK-PRI$b $qFondi$B71947$CPULBib$Z2$F71947 $H $81 941 1 $a1 961 $aINV: Fondo Giannini 996 $6245$aIntroduzione a Schopenhauer$9(OLS)http://pul/title/73236 996 $6260$aBari :$bLaterza$9(OLS)http://pul/publisher/47895